000 00235nam a22001097a 4500
003 SGT
082 _bLOH
100 _aLOHUMI, SHAMA
245 _aREMEDIAL GRAMMAR AND COMPOSITION
260 _bS. VIKAS & COMPANY
_c2016
942 _2ddc
_cBK
999 _c15247
_d15247